00624 2200193 4500001002100000005001500021035002000036007000300056008004100059020002200100082000800122084001400130100002000144245016300164260003100327300004600358650001000404990001600414INLIS00000000000036220221026103305 a0010-1022000104ta221026 b 1 ind  a978-602-252-205-8 a398 a398 TIM c0 aTim Penulis EFK1 aCerita Rakyat Nusantara 7 :bLegenda Rawa Pening; Asal Usul Nama Surabaya; Legenda Situ Bagendit; Roro Jonggrang; Doyan Nada; I Ceker Cipak /cTim Penulis EFK aJakarta :bGramedia,c2014 a85 halaman :bilustrasi berwarna ;c24 cm 4afiksi a00000000460